000 00887nam2a2200229 4500
001 rc\2865143
005 20260315051023.0
035 _a(NLR Aleph) 007018980
090 _a13579780
_c13579780
100 _a20110712d1932 u y0rusy50 ca
101 0 _arus
102 _aRU
105 _ay z |||||
200 0 _aЧ. 2
210 _d1932
215 _a27, [1] с., 2 с. объявл.
461 0 _1001rc\2865142
_12000#$aВетеринария микробиология$fВ.Г. Уваров$vЧ. 2
_95889941
_aЦентральный институт заочной подготовки сельскохозяйственных кадров (Москва)
_c[Москва]
_d1932
_fВ.Г. Уваров
_nОгиз
_tВетеринария микробиология
_vЧ. 2
801 0 _aRU
_bNLR
_gpsbo
801 1 _aRU
_bELAR
_2rusmarc
852 _aNLR
_j32-17/261
942 _cUNSPEC
980 _aNB